LIBRARY & INFORMATION CENTRE, KCAET, TAVANUR

ONLINE PUBLIC ACCESS CATALOGUE (OPAC)

Environmental laws and water resources management / (Record no. 9334)

MARC details
000 -LEADER
fixed length control field 00369cam a2200145ua 4500
003 - CONTROL NUMBER IDENTIFIER
control field OSt
008 - FIXED-LENGTH DATA ELEMENTS--GENERAL INFORMATION
fixed length control field 250812b |||||||| |||| 00| 0 eng d
041 ## - LANGUAGE CODE
Language code of text/sound track or separate title eng
082 ## - DEWEY DECIMAL CLASSIFICATION NUMBER
Classification number 627.01
Item number BHA/EN
100 ## - MAIN ENTRY--AUTHOR NAME
Personal name Bhatt, S .
245 ## - TITLE STATEMENT
Title Environmental laws and water resources management /
260 ## - PUBLICATION, DISTRIBUTION, ETC. (IMPRINT)
Place of publication New Delhi :
Name of publisher Radiant Publishing.
300 ## - PHYSICAL DESCRIPTION
Number of Pages 345 ; .
942 ## - ADDED ENTRY ELEMENTS (KOHA)
Koha item type Books
Holdings
Withdrawn status Lost status Damaged status Home library Current library Date acquired Full call number Accession Number Koha item type
      KAUAET KAUAET 27/03/1987 627.01 BHA/EN 16166 Books
free website counter